00394nam a2200157 a 450000100060000000300090000600800410001504000280005608200100008410000240009424500310011826000280014930000100017749000260018765000230021321725CO-ViMGA141112s2004 ck r 000 u spa d aCO-ViMGAbspacCO-ViMGA04aVALte1 aValencak, Hannelore10aEl tesoro del molino viejo aMadrid : bS.M., c1999 a165p. aEl baraco de vapor, 814aCUENTOS AUSTRIACOS